عرض عادي
عرض مارك
- أسبر، حسن أحمد
مدخل إسم شخص
001 - رقم الضبط
- حقل الضبط: 304
003 - معرف رقم الضبط
- حقل الضبط: OSt
005 - تاريخ ووقت أخر عملية
- حقل الضبط: 20110612004548.0
008 - عناصر بيانات ثابتة الطول
- حقل تحكم ثابت الطول: 110612|||a|||||| | ||| d
040 ## - مصدر الفهرسة
- هيئة الفهرسة الأصلية: OSt
- وكالة الكتابة: OSt
100 ## - مدخل -- أسم شخص
- إسم شخص: أسبر، حسن أحمد
- مصطلح الرابط: معتني.\\
670 ## - بيانات المصدر موجوده
- الاستشهاد بالمصدر: Work cat.: (OSt)198: ابن قيم الجوزية، محمد بن أبي بكر بن أيوب، 691-751 هـ. 220, الوابل الصيب ورافع الكلم الطيب /, 2006
